Πρακτικές και αντιλήψεις των καταναλωτών της Μυτιλήνης σχετικά με την κατανάλωση τοπικών προϊόντων : πτυχιακή εργασία

Αποθηκεύτηκε σε:
Λεπτομέρειες βιβλιογραφικής εγγραφής
Κύριος συγγραφέας: Χαραλαμπίδη, Χριστίνα
Συγγραφή απο Οργανισμό/Αρχή: Πανεπιστήμιο Αιγαίου. Σχολή Κοινωνικών Επιστημών. Τμήμα Γεωγραφίας
Μορφή: Thesis Βιβλίο
Γλώσσα:Greek
Δημοσίευση: 2012.
Θέματα:
Διαθέσιμο Online:http://hdl.handle.net/11610/6072
Ετικέτες: Προσθήκη ετικέτας
Δεν υπάρχουν, Καταχωρήστε ετικέτα πρώτοι!

MARC

LEADER 00000cam a2200000 i 4500
001 1/28290
008 130411s2012 gre d
035 |l 10114169 
040 |a GR-MY-UA  |b gre  |e aacr 
041 0 |a gre 
082 0 |a 394  |2 (22) 
100 1 |a Χαραλαμπίδη, Χριστίνα. 
245 1 0 |a Πρακτικές και αντιλήψεις των καταναλωτών της Μυτιλήνης σχετικά με την κατανάλωση τοπικών προϊόντων :   |b πτυχιακή εργασία /   |c επιμέλεια: Χαραλαμπίδη Χριστίνα ; επίβλεψη: Αθανάσιος Κίζος.  
260 |c 2012.  
300 |a 44 σ. :   |b πιν. ;   |c 30 εκ.  
502 |a Πτυχιακή εργασία - Πανεπιστήμιο Αιγαίου, Λέσβος, 2012. 
504 |a Βιβλιογραφία: σ. 43, παράρτημα.  
650 0 |a Food habits  |z Greece  |z Mytilene (Lesbos) 
650 0 0 |a Consumer behavior  |x Research  |z Greece  |z Mytilene (Lesbos) 
650 0 0 |a Dissertations, Academic  |z Greece. 
650 0 |a Food industry and trade  |z Greece  |z Mytilene (Lesbos) 
700 1 |a Κίζος, Αθανάσιος,  |e dgs 
710 2 |a Πανεπιστήμιο Αιγαίου.   |b Σχολή Κοινωνικών Επιστημών.   |b Τμήμα Γεωγραφίας. 
852 |a INST  |b LESVOS  |c DIATR  |e 20130411  |h 711  |p 005100052534  |q 005100052534  |t DIE  |y 23 
852 |a INST  |b LESVOS  |c DIATR  |e 20130411  |h 712  |p 005100052535  |q 005100052535  |t DIE  |y 23 
856 |u http://hdl.handle.net/11610/6072 
901 |a BIBL1-2013-1 
909 |a Λ  |b 179096 
909 |a Λ  |b 179095 
924 |a ΧΑΡΑΛΑΜΠΙΔΗ  |b ΧΡΙΣΤΙΝΑ  |y ΛΕΣΒΟΣ  |z 2012-10 
970 |a ΤΖΑΦΕΡΗ  |b ΕΥΑΓΓΕΛΙΑ  |z 2013/04/11